| 000 | 00789nam a2200241Ia 4500 | ||
|---|---|---|---|
| 003 | GCL | ||
| 008 | 140319s9999 xx 000 0 ara d | ||
| 040 |
_aGCL / _cGCL |
||
| 082 | 0 | 4 |
_aق _b726.1 _bف ج |
| 100 | 1 | _aهيئة الاثار المصرية | |
| 245 | 1 | 0 |
_aجامع المؤيد شيخ / _cهيئة الاثار المصرية |
| 700 | 1 | _aفهمى عبدالعليم | |
| 260 |
_a[S.N] : _bهيئة الاثار المصرية |
||
| 300 | _a183 ص | ||
| 490 |
_aسلسلة الثقافة الاثرية والتاريخية _v0 |
||
| 650 | 0 | 4 | _aمصر |
| 650 | 0 | 4 | _aالاثار الاسلامية |
| 650 | 0 | 4 | _aالمساجد |
| 650 | 0 | 4 | _aالخط العربى |
| 650 | 0 | 4 | _aالكتابة العربية |
| 650 | 0 | 4 | _aالنقوش العربية |
| 942 |
_2ddc _cBK |
||
| 999 |
_c52898 _d52898 |
||